[Event "Sparkassen-Open A"]
[Site "Heusenstamm, Martinsee"]
[Date "2024.11.22"]
[Round "2.102"]
[White "Kolar, Edvard"]
[Black "Kulkovets, Roman"]
[Result "1/2-1/2"]
[WhiteElo "1771"]
[BlackElo "1853"]
[PlyCount "95"]
[EventDate "2024.11.21"]
[WhiteTeam "KS Rícany 1925"]
[BlackTeam "SAbt TuS Makkabi Ffm"]

1. d4 Nf6 2. e3 b6 3. Nf3 Bb7 4. Bd3 e6 5. O-O c5 6. b3 cxd4 7. exd4 Qc7 8. Bb2 Nc6 9. a3 h6 10. Nbd2 d5 11. Qe2 g5 12. Rac1 Bg7 13. c4 O-O 14. c5 a5 15. Bb5 Nd7 16. Nb1 Rac8 17. Ne5 Ndxe5 18. dxe5 Rcd8 19. Bxc6 Qxc6 20. Bd4 b5 21. b4 axb4 22. axb4 Qd7 23. Nc3 Bc6 24. g3 f6 25. f4 fxe5 26. fxe5 Rxf1+ 27. Rxf1 Ra8 28. Qb2 Qa7 29. Qf2 Rf8 30. Qa2 Qxa2 31. Rxf8+ Kxf8 32. Nxa2 g4 33. Kf2 Kf7 34. h3 gxh3 35. g4 Kg6 36. Kg3 Kg5 37. Be3+ Kg6 38. Bd4 h5 39. Kxh3 Kg5 40. Be3+ Kg6 41. Bd4 Bh6 42. Kg3 Bd2 43. Kh4 Be1+ 44. Kh3 Bd2 45. Kh4 Bg5+ 46. Kg3 Be8 47. Nc3 Bd2 48. Kh4 1/2-1/2

[Event "Sparkassen-Open A"]
[Site "Heusenstamm, Martinsee"]
[Date "2024.11.22"]
[Round "2.103"]
[White "Lang, Nico"]
[Black "Wang, Simon"]
[Result "0-1"]
[WhiteElo "1896"]
[BlackElo "1749"]
[PlyCount "104"]
[EventDate "2024.11.21"]
[WhiteTeam "Schachverein Ahlen 1954 e. V."]
[BlackTeam "SF Dachau 1932 e.V."]

1. e4 c6 2. Nc3 d5 3. Nf3 Bg4 4. d4 dxe4 5. Nxe4 Nf6 6. Bc4 e6 7. h3 Bxf3 8. gxf3 Nbd7 9. Rg1 Qc7 10. Qe2 h6 11. Be3 O-O-O 12. O-O-O Nd5 13. Rd3 Nxe3 14. fxe3 g6 15. Ra3 Nb6 16. Bd3 f5 17. Nd2 g5 18. c4 Kb8 19. c5 Nd5 20. Ba6 b6 21. Nc4 Ka8 22. cxb6 Nxb6 23. Nxb6+ axb6 24. Qc4 Rd5 25. Rc3 c5 26. Qa4 Kb8 27. Bc4 Qd7 28. Qa6 Rd6 29. Ra3 Qb7 30. Qa4 Be7 31. Ba6 Qc7 32. dxc5 bxc5 33. Bb5 Qb7 34. Rb3 Rb6 35. e4 Kc7 36. Qc4 Rb8 37. Ba4 Rxb3 38. Bxb3 Qc6 39. Qxe6 Qxe6 40. Bxe6 fxe4 41. fxe4 Bf6 42. b3 Re8 43. Bd5 Rf8 44. Rf1 Bb2+ 45. Kxb2 Rxf1 46. Be6 Rf4 47. Bf5 h5 48. Kc3 g4 49. hxg4 hxg4 50. Kd3 g3 51. Bh3 Rf2 52. Ke3 Rh2 0-1

[Event "Sparkassen-Open A"]
[Site "Heusenstamm, Martinsee"]
[Date "2024.11.22"]
[Round "2.104"]
[White "Eitel, Luc"]
[Black "Berberich, Christoph"]
[Result "1/2-1/2"]
[WhiteElo "1742"]
[BlackElo "1892"]
[PlyCount "93"]
[EventDate "2024.11.21"]
[WhiteTeam "SAbt SV Werder Bremen"]
[BlackTeam "SK Freiburg-Zähringen 1887 e.V."]

1. e4 c5 2. Nf3 Nc6 3. Bb5 g6 4. O-O Bg7 5. Re1 Nf6 6. Nc3 O-O 7. e5 Ne8 8. Bxc6 dxc6 9. Ne4 b6 10. d4 Bg4 11. dxc5 Qxd1 12. Rxd1 Bxf3 13. gxf3 Bxe5 14. cxb6 axb6 15. Rd7 e6 16. Bh6 Ng7 17. c3 Rfd8 18. Rb7 Rdb8 19. Rxb8+ Rxb8 20. Rd1 Nf5 21. Be3 c5 22. f4 Bg7 23. Rd7 h6 24. Nd6 Nxd6 25. Rxd6 h5 26. Kf1 Bf6 27. Ke2 Kg7 28. Kd3 e5 29. Rc6 exf4 30. Bxf4 Rb7 31. Bc7 g5 32. Bxb6 Be5 33. h3 g4 34. hxg4 h4 35. Ke4 h3 36. Kf3 c4 37. g5 Rd7 38. Bd4 Bxd4 39. cxd4 Rxd4 40. Kg3 Rd3+ 41. Kh2 Rd2 42. Rb6 Rxf2+ 43. Kxh3 c3 44. bxc3 Rf3+ 45. Kg2 Rxc3 46. a4 Ra3 47. Ra6 1/2-1/2

[Event "Sparkassen-Open A"]
[Site "Heusenstamm, Martinsee"]
[Date "2024.11.22"]
[Round "2.105"]
[White "Schramm, Luca"]
[Black "Kuckel, Michael"]
[Result "1-0"]
[WhiteElo "1892"]
[BlackElo "1738"]
[PlyCount "55"]
[EventDate "2024.11.21"]
[WhiteTeam "SC Einrich e.V."]
[BlackTeam "SC Matt im Park Ffm"]

1. d4 f5 2. c4 Nf6 3. g3 e6 4. Bg2 Be7 5. Nd2 O-O 6. e4 d6 7. e5 dxe5 8. dxe5 Ng4 9. Ngf3 Nc6 10. Qe2 Bc5 11. O-O a5 12. Nb3 Ba7 13. h3 Nh6 14. Rd1 Qe8 15. Bxh6 gxh6 16. Nfd4 Bd7 17. Nb5 Bb8 18. Nc5 Bc8 19. Rd2 b6 20. Nd3 Ra6 21. Nf4 Na7 22. Rad1 Nxb5 23. cxb5 Ra7 24. Bc6 Qe7 25. Rd7 Bxd7 26. Rxd7 Qxd7 27. Bxd7 c5 28. bxc6 1-0

[Event "Sparkassen-Open A"]
[Site "Heusenstamm, Martinsee"]
[Date "2024.11.22"]
[Round "2.106"]
[White "Schneider, Till"]
[Black "Blomer, Moritz"]
[Result "0-1"]
[WhiteElo "1729"]
[BlackElo "1890"]
[PlyCount "100"]
[EventDate "2024.11.21"]
[WhiteTeam "SC Brett vorm Kopp Ffm"]
[BlackTeam "SG Porz e. V."]

1. e4 e6 2. d4 d5 3. Bd3 dxe4 4. Bxe4 Nf6 5. Bf3 c5 6. Ne2 Nc6 7. Bxc6+ bxc6 8. O-O Ba6 9. c3 cxd4 10. cxd4 Bxe2 11. Qxe2 Qxd4 12. Rd1 Qb6 13. Rd3 Rd8 14. Be3 Bc5 15. Rb3 Qa5 16. Bd2 Qc7 17. Rg3 Kf8 18. Nc3 Bd6 19. Rh3 Bf4 20. Be1 Be5 21. Rd1 Rxd1 22. Qxd1 Ke7 23. Qc1 Bf4 24. Qc2 Rd8 25. Ne2 Bd6 26. Nd4 Bxh2+ 27. Rxh2 Rxd4 28. Bc3 Rd5 29. Bxf6+ gxf6 30. Rxh7 Qd6 31. g3 Rd1+ 32. Kh2 Qd5 33. g4 Rh1+ 34. Kg3 Rg1+ 35. Kf4 Qd4+ 36. Kf3 Qxg4+ 37. Ke3 Re1+ 38. Kd3 Qe4+ 39. Kc3 Qxc2+ 40. Kxc2 Re2+ 41. Kc3 Rxf2 42. Rh8 Rf3+ 43. Kc4 Rf4+ 44. Kb3 Rd4 45. Rc8 f5 46. Rxc6 f4 47. Kc3 Rd7 48. Rc4 e5 49. b4 f3 50. Re4 f2 0-1

[Event "Sparkassen-Open A"]
[Site "Heusenstamm, Martinsee"]
[Date "2024.11.22"]
[Round "2.107"]
[White "Heyartz, Wolfgang"]
[Black "Fettig, Michel"]
[Result "1-0"]
[WhiteElo "1890"]
[BlackElo "1715"]
[PlyCount "81"]
[EventDate "2024.11.21"]
[WhiteTeam "SU Ebersberg-Grafing"]
[BlackTeam "SC ML Kastellaun"]

1. e4 e6 2. d4 d5 3. Bd3 dxe4 4. Bxe4 Nf6 5. Bf3 Bd6 6. Ne2 Nbd7 7. Ng3 c6 8. O-O h5 9. Re1 h4 10. Nf5 Bf8 11. Bf4 Nb6 12. h3 Nbd5 13. Bh2 g6 14. Ne3 Bd6 15. Bxd6 Qxd6 16. Nc4 Qc7 17. Ne5 O-O 18. Nd2 Rd8 19. Ne4 Qb6 20. Ng5 Qxb2 21. Ngxf7 Rf8 22. Nh6+ Kg7 23. Qd2 Nh7 24. Bxd5 exd5 25. Qd3 Bf5 26. Nxf5+ Rxf5 27. Reb1 Qxa1 28. Rxa1 Raf8 29. f3 Nf6 30. Rb1 b6 31. Nxc6 Nh5 32. Re1 Nf4 33. Qa3 Rg5 34. Qe7+ Rf7 35. Qxg5 Kg8 36. Re8+ Kg7 37. Qe5+ Rf6 38. Re7+ Kh6 39. Qxf6 Nxh3+ 40. gxh3 a6 41. Qxh4# 1-0

[Event "Sparkassen-Open A"]
[Site "Heusenstamm, Martinsee"]
[Date "2024.11.22"]
[Round "2.109"]
[White "Schulze, Manfred"]
[Black "Kuchta, Maksim"]
[Result "0-1"]
[WhiteElo "1889"]
[BlackElo "1711"]
[PlyCount "96"]
[EventDate "2024.11.21"]
[WhiteTeam "SC Steinbach"]
[BlackTeam "SC Heusenstamm"]

1. d4 Nf6 2. Nf3 g6 3. Bf4 d6 4. h3 Nbd7 5. e3 Bg7 6. Be2 O-O 7. Nbd2 Re8 8. c3 c5 9. O-O b6 10. Qb3 Bb7 11. Rfd1 d5 12. a4 Nh5 13. Bh2 f5 14. c4 Nhf6 15. Ne5 e6 16. Ndf3 Nxe5 17. Bxe5 Nd7 18. Bxg7 Kxg7 19. dxc5 Nxc5 20. Qc3+ Qf6 21. Qxf6+ Kxf6 22. cxd5 Bxd5 23. Nd2 Rac8 24. a5 Re7 25. axb6 axb6 26. f3 e5 27. Rac1 Rec7 28. b4 Na4 29. Rxc7 Rxc7 30. e4 Be6 31. Nf1 Nc3 32. Rd2 Nxe2+ 33. Rxe2 Rc1 34. Kf2 Rb1 35. Ne3 Rxb4 36. exf5 gxf5 37. Rd2 b5 38. g4 Rd4 39. Rb2 b4 40. gxf5 Bxf5 41. Nxf5 Kxf5 42. Kg3 Ke6 43. Kf2 Kd5 44. Ke3 Kc4 45. Rg2 b3 46. Rg7 Kc3 47. Rxh7 Rc4 48. Ke2 Kc2 0-1

[Event "Sparkassen-Open A"]
[Site "Heusenstamm, Martinsee"]
[Date "2024.11.22"]
[Round "2.110"]
[White "Ternes, Markus"]
[Black "Herrmann, Gerhard"]
[Result "1-0"]
[WhiteElo "1882"]
[BlackElo "1698"]
[PlyCount "85"]
[EventDate "2024.11.21"]
[WhiteTeam "SC Sulzbach-Rosenberg"]
[BlackTeam "SC Königsspringer Alzenau e.V"]

1. e4 d5 2. exd5 Nf6 3. d4 Nxd5 4. Nf3 Bf5 5. Bd3 Bxd3 6. Qxd3 e6 7. O-O Be7 8. c4 Nf6 9. Nc3 O-O 10. Bf4 Bd6 11. Bg5 h6 12. Bh4 Nbd7 13. Rfe1 Re8 14. Ne5 g5 15. Bg3 Kg7 16. Qf3 b6 17. Rad1 Qc8 18. h4 Bxe5 19. dxe5 Nh7 20. Ne4 Rf8 21. hxg5 hxg5 22. Qe3 Kg6 23. Qd3 Nc5 24. Nxc5+ f5 25. Nb3 c5 26. f4 Rf7 27. Qe2 g4 28. Rd6 Nf8 29. Red1 Qa6 30. Nxc5 Qxa2 31. Nxe6 Nxe6 32. Rxe6+ Kg7 33. Bh4 b5 34. Bf6+ Kg8 35. Red6 bxc4 36. Qf2 Rh7 37. Rd8+ Rxd8 38. Rxd8+ Kf7 39. Rd7+ Kg6 40. Rxh7 Kxh7 41. Qh4+ Kg8 42. e6 Qb1+ 43. Kh2 1-0

[Event "Sparkassen-Open A"]
[Site "Heusenstamm, Martinsee"]
[Date "2024.11.22"]
[Round "2.111"]
[White "Hebauf, Markus"]
[Black "Peter, Laurenz"]
[Result "0-1"]
[WhiteElo "1696"]
[BlackElo "1879"]
[PlyCount "96"]
[EventDate "2024.11.21"]
[WhiteTeam "Sfr.1932 Kelkheim"]
[BlackTeam "Sportgemeinschaft Kaarst 1912/35"]

1. d4 Nf6 2. c4 e6 3. Nc3 Bb4 4. Nf3 b6 5. a3 Bxc3+ 6. bxc3 O-O 7. Bg5 Bb7 8. e3 d6 9. Bd3 Nbd7 10. O-O Qc8 11. Re1 Re8 12. e4 e5 13. d5 Ba6 14. Nd2 h6 15. Be3 Nf8 16. f4 exf4 17. Bxf4 Ng6 18. Be3 Ng4 19. h3 N6e5 20. Qe2 Qd7 21. Rf1 Qa4 22. Rab1 Rac8 23. Rfc1 Qd7 24. a4 c5 25. a5 Nxd3 26. Qxd3 bxa5 27. Ra1 Ne5 28. Qe2 Bxc4 29. Rxa5 Rb8 30. Rca1 Rb7 31. Bf2 Bd3 32. Qg4 Qxg4 33. R5a4 Rb2 34. Nf3 Nc4 35. e5 dxe5 36. Bxc5 e4 37. Nd4 Ne3 38. d6 a6 39. d7 Rxg2+ 40. Kh1 Rd8 41. Nc6 Rxd7 42. Bxe3 Rg3 43. Bd4 Bb5 44. R4a2 Bxc6 45. Kh2 Rf3 46. Rg1 e3 47. Bxg7 Rf2+ 48. Rg2 Bxg2 0-1

[Event "Sparkassen-Open A"]
[Site "Heusenstamm, Martinsee"]
[Date "2024.11.22"]
[Round "2.112"]
[White "Henzelmann, Matthias"]
[Black "Winand, Edgar"]
[Result "0-1"]
[WhiteElo "1680"]
[BlackElo "1878"]
[PlyCount "92"]
[EventDate "2024.11.21"]
[WhiteTeam "SC Heuchelheim"]
[BlackTeam "SF Frankfurt 1921"]

1. d4 d6 2. c4 g6 3. Nc3 Bg7 4. e4 Nc6 5. Be3 e5 6. d5 Nd4 7. Nge2 f5 8. Nxd4 f4 9. Bxf4 exf4 10. Rc1 a6 11. Be2 Qf6 12. Nf3 Qe7 13. Bd3 g5 14. h3 Nh6 15. Qe2 O-O 16. Kd2 Nf7 17. Ne1 Ne5 18. f3 h5 19. Nc2 Bd7 20. b3 Qf6 21. Ne1 c6 22. Bb1 Rac8 23. Nd3 c5 24. Nxe5 Qxe5 25. Qd3 Rc7 26. Rc2 Rfc8 27. a3 Re8 28. Ba2 b5 29. cxb5 axb5 30. Ne2 Ra8 31. Nc3 b4 32. axb4 cxb4 33. Na4 Rxc2+ 34. Qxc2 Bxa4 35. bxa4 Qd4+ 36. Ke2 Qe3+ 37. Kd1 Bc3 38. Bb3 Rc8 39. Rf1 Rc5 40. e5 Kg7 41. e6 Bf6 42. Qb1 Rc3 43. Bc2 b3 44. Bh7 Qd4+ 45. Ke2 Re3+ 46. Kf2 Rd3+ 0-1

[Event "Sparkassen-Open A"]
[Site "Heusenstamm, Martinsee"]
[Date "2024.11.22"]
[Round "2.113"]
[White "Kessler, Georg"]
[Black "Rotärmel, Leonie"]
[Result "1-0"]
[WhiteElo "1876"]
[BlackElo "1683"]
[PlyCount "41"]
[EventDate "2024.11.21"]
[WhiteTeam "SC Sulzbach-Rosenberg"]
[BlackTeam "SK Bad Homburg 1927"]

1. Nf3 Nf6 2. c4 e6 3. d4 d5 4. Nc3 a6 5. Bg5 Be7 6. e3 dxc4 7. Bxc4 b5 8. Bd3 Bb7 9. O-O Nbd7 10. Rc1 O-O 11. Qc2 h6 12. Bh4 Rc8 13. Rfd1 c5 14. Qe2 Qb6 15. Ne5 Bd6 16. Bg3 cxd4 17. exd4 Bxe5 18. dxe5 Nd5 19. Ne4 Nc5 20. Nd6 Rc7 21. Bb1 1-0

[Event "Sparkassen-Open A"]
[Site "Heusenstamm, Martinsee"]
[Date "2024.11.22"]
[Round "2.114"]
[White "Weidemann, Max"]
[Black "Nagel, Matthias"]
[Result "1/2-1/2"]
[WhiteElo "1556"]
[BlackElo "1875"]
[PlyCount "74"]
[EventDate "2024.11.21"]
[WhiteTeam "Vorw.Orient Mainz"]
[BlackTeam "SV 1920 Kelsterbach"]

1. e4 c5 2. Nf3 a6 3. c3 d5 4. exd5 Qxd5 5. d4 Nf6 6. Be2 e6 7. O-O Nc6 8. Be3 cxd4 9. Nxd4 e5 10. Nxc6 Qxc6 11. Qc2 g6 12. Nd2 Bf5 13. Bd3 Bxd3 14. Qxd3 Bg7 15. Qc4 Rc8 16. Qxc6+ Rxc6 17. Nf3 Nd5 18. Rfe1 O-O 19. Rad1 Nc7 20. Rd7 b5 21. Red1 Ne6 22. Kf1 Rfc8 23. Ng5 Nf8 24. R7d6 h6 25. Nf3 f5 26. Ne1 Kf7 27. Nc2 a5 28. Na1 f4 29. Bc1 b4 30. Rxc6 Rxc6 31. Bd2 bxc3 32. Bxc3 a4 33. Nc2 Rc7 34. a3 Ne6 35. Nb4 Nd4 36. Bxd4 exd4 37. Ke2 g5 1/2-1/2

[Event "Sparkassen-Open A"]
[Site "Heusenstamm, Martinsee"]
[Date "2024.11.22"]
[Round "2.115"]
[White "Klein, Deniz"]
[Black "Al Luwaisi, Omer"]
[Result "1-0"]
[WhiteElo "1874"]
[BlackElo "1667"]
[PlyCount "61"]
[EventDate "2024.11.21"]
[WhiteTeam "SK Kaiserslautern 1905"]
[BlackTeam "SC ML Kastellaun"]

1. c4 e5 2. g3 Nf6 3. Bg2 Nc6 4. Nc3 Bb4 5. Nd5 Bc5 6. a3 a5 7. Rb1 d6 8. b4 axb4 9. axb4 Ba7 10. d3 O-O 11. b5 Nxd5 12. Bxd5 Nd4 13. e3 Ne6 14. Ne2 Kh8 15. O-O Ng5 16. Bg2 f5 17. Ra1 Qf6 18. Bb2 Qg6 19. d4 Nf7 20. Ra4 Qh5 21. Nc3 Qxd1 22. Rxd1 exd4 23. exd4 c6 24. b6 Be6 25. bxa7 Ng5 26. h4 Nf7 27. Re1 Bc8 28. d5 Ne5 29. dxc6 bxc6 30. Rxe5 dxe5 31. Bxc6 1-0

[Event "Sparkassen-Open A"]
[Site "Heusenstamm, Martinsee"]
[Date "2024.11.22"]
[Round "2.116"]
[White "Ghaznavi, Massoud"]
[Black "Steigleder, Maximilian"]
[Result "0-1"]
[WhiteElo "1637"]
[BlackElo "1873"]
[PlyCount "70"]
[EventDate "2024.11.21"]
[WhiteTeam "SV Oberursel"]
[BlackTeam "Sfr.1932 Kelkheim"]

1. d4 d5 2. Nf3 Nf6 3. g3 Bg4 4. Bg2 e6 5. O-O Be7 6. Bf4 O-O 7. Nc3 c6 8. a3 h6 9. Ne5 Bf5 10. b4 a6 11. Rc1 Nbd7 12. Nd3 a5 13. Rb1 axb4 14. axb4 Ra3 15. Qd2 g5 16. Be3 Ne4 17. Nxe4 dxe4 18. Ne1 Nb6 19. c3 Nc4 20. Qc1 Qa8 21. f3 exf3 22. Nd3 fxg2 23. Kxg2 Rxc3 24. Qxc3 Nxe3+ 25. Kg1 Nxf1 26. Kxf1 Qa2 27. Rb3 Ra8 28. Ne1 Qa1 29. Qe3 Bf6 30. Rc3 Rd8 31. Rc1 Qxd4 32. Qb3 Bh3+ 33. Ng2 Qe4 34. Qf3 Qxf3+ 35. exf3 Rd2 0-1

[Event "Sparkassen-Open A"]
[Site "Heusenstamm, Martinsee"]
[Date "2024.11.22"]
[Round "2.117"]
[White "Werner, Tom"]
[Black "Manasek, Martin"]
[Result "1-0"]
[WhiteElo "1872"]
[BlackElo "1656"]
[PlyCount "117"]
[EventDate "2024.11.21"]
[WhiteTeam "VSG 1880 Offenbach"]
[BlackTeam "SC Flörsheim 1921"]

1. c4 Nf6 2. g3 e6 3. Bg2 d5 4. cxd5 exd5 5. d3 Bb4+ 6. Bd2 Bxd2+ 7. Nxd2 O-O 8. Qb3 c6 9. Ngf3 Re8 10. e3 Nbd7 11. O-O Qb6 12. Qa3 Qc5 13. b4 Qb5 14. Qb3 a5 15. bxa5 Qxa5 16. Rfc1 Qa3 17. Nd4 Qxb3 18. N2xb3 Ne5 19. Rc3 Ra3 20. Nc2 Ra8 21. Nbd4 Bd7 22. Nf3 Ng6 23. Ncd4 Ne5 24. a3 Nxf3+ 25. Bxf3 Bh3 26. Rb1 Rab8 27. Rcb3 c5 28. Nb5 b6 29. Nc7 Red8 30. Rxb6 Rxb6 31. Rxb6 c4 32. d4 h6 33. Rb1 Bf5 34. Rc1 Rd7 35. Nb5 Rb7 36. a4 Bd7 37. Nc3 Be6 38. Rb1 Rd7 39. Kf1 Bf5 40. Rb5 Be6 41. Ke1 Kf8 42. a5 Ke7 43. a6 Rd6 44. Rb7+ Bd7 45. a7 Ra6 46. Nxd5+ Nxd5 47. Bxd5 c3 48. Rxd7+ Kxd7 49. a8=Q Rxa8 50. Bxa8 f5 51. Kd1 Kd6 52. Kc2 g5 53. Kxc3 h5 54. e4 Ke6 55. Kc4 fxe4 56. Bxe4 Kd6 57. f4 gxf4 58. gxf4 h4 59. h3 1-0

[Event "Sparkassen-Open A"]
[Site "Heusenstamm, Martinsee"]
[Date "2024.11.22"]
[Round "2.118"]
[White "Hildebrand, Azat"]
[Black "Klebs, Sebastian"]
[Result "1-0"]
[WhiteElo "1591"]
[BlackElo "1871"]
[PlyCount "47"]
[EventDate "2024.11.21"]
[WhiteTeam "TSG Oberschöneweide e.V."]
[BlackTeam "Karlsruher SF 1853"]

1. d4 d5 2. Nf3 e6 3. e3 c5 4. c3 Nc6 5. Bd3 Nf6 6. Nbd2 Be7 7. O-O O-O 8. Ne5 Qc7 9. f4 b6 10. Qf3 a5 11. g4 Ba6 12. Bxa6 Rxa6 13. g5 Nd7 14. Qh5 Ncxe5 15. dxe5 g6 16. Qh6 Qd8 17. Nf3 b5 18. Bd2 c4 19. Rae1 Qa8 20. Re2 b4 21. Rg2 bxc3 22. bxc3 Rb6 23. Rg3 Rfb8 24. Ne1 1-0